000 00504nam a2200181Ia 4500
008 100917s9999 xx 000 0 und d
082 _b21612
100 _aकोलते वि. भि.
245 _aसह्यािद्र वर्णन
260 _b---
_c1964
300 _a312
365 _b12
520 _aधर्म
630 _aसह्यािद्र वर्णन
650 _aधर्म
730 _aसह्यािद्र वर्णन
942 _cBOOK
999 _c627006
_d627003